00686 2200229 4500001002100000005001700021008004100038035002400079090001900103100002000122245009300142260002900235300003100264500005600295500003000351650001000381850002100391980001400412985000600426986000900432999001500441YOGYA-0209000004365820090227030150.0 ind  0010-020900000043658 a920bFat PlSK aFATMAWATI, Sari aPeranan jaksa sebagai penanggung jawab surat dakwaan perkara pidanacoleh Sari Fatmawati aYogyakartab[s.n.]c1993 aix, 77, [46] lembarc30 cm aSkripsi Fak. Hukum Universitas Janabadra Yogyakarta aBibliografi : lembar [78] aJaksa aYOPDYOG [TRM 29] a18-9-2007 a1 aRuni a07A0026400